Trò ổi lỗi rối cạn và rối nước Nam Định
Sách giới thiệu về loại hình múa rối cạn và rối nước truyền thống ở Nam Định. Sách gồm bốn chương. Chương 1: Múa rối - một môn nghệ thuật dân gian truyền thống của quê hương Nam Định. Chương 2: Rối cạn Chùa Bi. Chương 3: Rối nước Ba...
Gorde:
| Egile nagusia: | |
|---|---|
| Formatua: | Liburua |
| Hizkuntza: | Undetermined |
| Argitaratua: |
Hà Nội
Khoa học - Xã hội
2015
|
| Gaiak: | |
| Etiketak: |
Etiketa erantsi
Etiketarik gabe, Izan zaitez lehena erregistro honi etiketa jartzen!
|
| Thư viện lưu trữ: | Trung tâm Học liệu Trường Đại học Cần Thơ |
|---|
| LEADER | 01202nam a2200205Ia 4500 | ||
|---|---|---|---|
| 001 | CTU_209784 | ||
| 008 | 210402s9999 xx 000 0 und d | ||
| 082 | |a 791.5309597 | ||
| 082 | |b Th400 | ||
| 100 | |a Đỗ, Đình Thọ | ||
| 245 | 0 | |a Trò ổi lỗi rối cạn và rối nước Nam Định | |
| 245 | 0 | |c Đỗ Đình Thọ (Chủ biên) ; Lê Xuân Quang (Sưu tầm, giới thiệu) | |
| 260 | |a Hà Nội | ||
| 260 | |b Khoa học - Xã hội | ||
| 260 | |c 2015 | ||
| 520 | |a Sách giới thiệu về loại hình múa rối cạn và rối nước truyền thống ở Nam Định. Sách gồm bốn chương. Chương 1: Múa rối - một môn nghệ thuật dân gian truyền thống của quê hương Nam Định. Chương 2: Rối cạn Chùa Bi. Chương 3: Rối nước Bàn Thách Nam Chấn vè thôn Nhất Nam Giang. Chương 4: Thống kê các tích trò thường diễn. | ||
| 650 | |a Múa rối,Puppet theater | ||
| 650 | |z Việt Nam,Vietnam | ||
| 904 | |i Châu Thiên Phúc,Hải | ||
| 980 | |a Trung tâm Học liệu Trường Đại học Cần Thơ | ||